| 000 | 00968cam a2200205 4500 | ||
|---|---|---|---|
| 001 | ABS65128 | ||
| 008 | 020306n2002 000 0 eng u | ||
| 035 | _a(Sirsi) u117024 | ||
| 100 | _aLin, M. | ||
| 245 | _aEnforcing a foreign arbitral award in mainland China - some recent experience | ||
| 260 | _c2002 | ||
| 490 |
_aAsian Dispute Resolution _v January 2002,79-81(3) |
||
| 520 | _aGives advice on how to enforce an arbitration award in a case where the state-owned corporation has no assets outside mainland China. PRC foreign exchange law can provide an excuse for the defeated company to refuse to comply voluntarily with an award. Recommends that due regard is given to time, and suggests various solutions to this situation. | ||
| 590 | _aABS | ||
| 650 | _aCHINA | ||
| 650 | _aMANAGEMENT-DISPUTE AVOIDANCE, MANAGEMENT AND RESOLUTION-DISPUTE MANAGEMENT AND RESOLUTION-ARBITRATION | ||
| 650 | _aPRC | ||
| 690 |
_aDispute resolution _96236 |
||
| 942 | _n0 | ||
| 999 |
_c69714 _d69714 |
||